000 00468nam a2200169Ia 4500
008 090201s9999 xx 000 0 und d
010 _aKPL-16262
040 _bइंग्रजी
041 _aइंग्रजी
082 _a40261
_b16262
100 _ahrf keating
245 _ainspector ghote goes by train
_chrf keating
260 _c2004
_bthe crime club
300 _a222
_bमोठा
600 _ainspector ghote goes by train
942 _cBOOK
999 _c237528
_d237528